Statistiken für Benutzertitel

Klicken Sie hier um das Quiz zu spielen!

Allgemein

  • Dieses Quiz wurde 11 mal gespielt
  • Das Durchschnittsergebnis liegt bei 24 aus 50

Antwortstatistiken

HintAntwort% Korrekt
Der MeisterCaptainOlimar
100%
swissfagLivesgood
100%
Depressed gay clericTeewurst
100%
Mr. Trump wird sie empfangen!Mr. Steelfan
90%
Pfnarz.Sonic the Hedgehog
90%
Ex-MonsteratorSpongie *W*
90%
der UnfassbareX-Factor
90%
Lame But AdminLord3d
80%
Hitschlers StammtischMaster Murphy
80%
WieseniorPatrickFan
80%
Stärkster Uptilt, BabyRechtus
70%
Verteidiger des wahren BlöedsinnsÜmläütmän
70%
Der ARMS-FanatikerBubbles
60%
Walther der Dog von der ElbeDanny8247
60%
So fett wie Pony³Deutschi
60%
(auf eigenen Wunsch gesperrt)Gutsman
60%
Voll auf MuskatnussKartoffelpudding
60%
SpongePedia-Aktualisierungs-Verwalter-GedönsratLe Pfannenwender
60%
Halt die Fresse!Mynicktv
60%
EckministratorNamenloser
60%
Schwammigster Bob im OzeanSchwammBob
60%
Duhm und stolts draufAku
50%
Tʜe мasłeЯ of MoońwaLĸAvatar
50%
Sit on a Potato Pan, OtisChrdrenkmann
50%
wuffDr. Peter Lankton
50%
至少还有你Ludwig van Beethoven
50%
fährt den Van ohne FensterAgentfabi
40%
pretty good. pretty pretty pretty pretty pretty good.Aramil
40%
Give no fuck I shoot two shots at yo graveJohnny
40%
not the rich successful kind of nerdKyn
40%
im RL abgesoffenQuatschtütenwürger
40%
[ˈpɪtsa]Sandy
40%
Der schwammige BobSchwammBob Spongekopf
40%
Wie Herpes... in cool!animelover2233
30%
be the leafEiskaltschwamm
30%
Krieger in schwarz-rosa-goldRennteufel
30%
(das bin ich)Spancer
30%
Robust, heißblütig und arbeitsa(r)mVatr
30%
ein echter TräumerRLMax9
20%
Dem Ingenieur ist nichts zu schwör!Scrooge McDuck
20%
Immer schön kross bleiben!Evil Spatula
10%
TiefseetitanLargeStupidity
10%
Meine geistig moralischen Mechanismen sind mysteriös und komplexLordDark1708
10%
Meine Augen!!!Myotis
10%
Glitschig wie ein AalNeptun
10%
a world that doesn't existPtero
10%
The Night StalkerAlison
0%
MiaudezIsNosredna
0%
Special AgentNickNack
0%
Daumen hochYanni Hendrix
0%

Verteilung der Resultate

Perzentil nach korrekt beantworteten Fragen

Anzahl Personen mit jedem Resultat

Ihre Resultats-Entwicklung

Sie haben dieses Quiz noch nicht gespielt